Šeky v zahraničním obchodě. 1

Šek ako platobný prostriedok v medzinárodnej obchodnej praxi (č.3/1994). Informácie, ktoré problematiku šekov dopĺňajú z pohľadu pracovníkov Československej obchodnej banky. Súkromný šek používaný prevažne v oblasti tovarovej. Spôsob platenia Eurošekom. Bankové šeky. Zmenkový a šekový zákon č.191/19...

Descripción completa

Guardado en:
Detalles Bibliográficos
Autor principal: Voženílková, B.
Formato: Capítulo de libro
Lenguaje:checo
Materias:
Etiquetas: Agregar Etiqueta
Sin Etiquetas, Sea el primero en etiquetar este registro!

MARC

LEADER 00000naa a2200000 4500
001 r023770
005 20221213082849.7
041 0 |a cze 
044 |a CZ 
245 1 0 |a Šeky v zahraničním obchodě. 1  |c B. Voženílková 
520 |a Šek ako platobný prostriedok v medzinárodnej obchodnej praxi (č.3/1994). Informácie, ktoré problematiku šekov dopĺňajú z pohľadu pracovníkov Československej obchodnej banky. Súkromný šek používaný prevažne v oblasti tovarovej. Spôsob platenia Eurošekom. Bankové šeky. Zmenkový a šekový zákon č.191/1950, v ktorom sú ustanovenia z veľkej časti totožné s ustanoveniami šekových zákonov väčšiny európskych, mnohých ázijských i latinskoamerických krajín. 
610 2 0 |a šeky 
610 2 0 |a zákony 
610 2 0 |a styk platobný medzinárodný 
610 2 0 |a obchod zahraničný 
610 2 0 |a banky 
100 1 |a Voženílková, B.